[Event "77th ch-BRA"]
[Site "Americana BRA"]
[Date "2010.12.01"]
[Round "3"]
[White "Shumyatsky, Victor"]
[Black "Gonzalez, Bolivar Ribeiro"]
[Result "1-0"]
[WhiteTitle "FM"]
[BlackTitle "FM"]
[WhiteElo "2352"]
[BlackElo "2277"]
[WhiteFideId "2115786"]
[BlackFideId "2100886"]
[EventDate "2010.11.29"]

1. e4 c6 2. d4 d5 3. e5 Bf5 4. Ne2 e6 5. Ng3 Bg6 6. h4 h6 7. h5 Bh7 8. Bd3 Bxd3
9. Qxd3 Ne7 10. c3 Qc7 11. Na3 a6 12. Nc2 c5 13. O-O Nd7 14. Bd2 Rc8 15. Rac1
Qc6 16. b3 g6 17. hxg6 fxg6 18. c4 Bg7 19. Ne3 O-O 20. cxd5 exd5 21. f4 Qe6 22.
f5 gxf5 23. Nexf5 Rf7 24. Nxe7+ Rxe7 25. Nf5 Rf7 26. Nxh6+ Bxh6 27. Rxf7 Qxf7
28. Bxh6 Rc6 29. Rf1 Qh7 30. Qxh7+ Kxh7 31. Rf7+ Kxh6 32. Rxd7 Kg5 33. e6 Kf6
34. Rxd5 cxd4 35. Rxd4 Ke7 36. Rf4 Kxe6 37. Kh2 Ke5 38. Rf3 Rc2 39. a3 a5 40. a4
b5 41. axb5 Rc5 42. g4 Ke4 43. Kg3 Rxb5 44. Rf4+ Ke3 45. Rf5 Rb8 46. Re5+ Kd4
47. Rxa5 Rxb3+ 48. Kf4 Rb1 49. Ra8 Rf1+ 50. Kg5 Rg1 51. Re8 Kd5 52. Kf5 Kd6 53.
g5 Kd7 54. Re4 Rf1+ 55. Kg6 Rg1 56. Kf6 Rf1+ 57. Kg7 Rf2 58. g6 Rf1 59. Kh7 Rh1+
60. Kg8 Kd8 61. g7 Kd7 62. Kf7 Rf1+ 63. Kg6 Rg1+ 64. Kf6 Kd6 65. Re6+ Kd7 66.
Re5 1-0